[Event "37th Taminco Open 2014"]
[Site "Ghent BEL"]
[Date "2014.07.21"]
[Round "6.2"]
[White "Hovhannisyan, Mher"]
[Black "Van der Stricht, Geert"]
[Result "1-0"]
[WhiteTitle "IM"]
[BlackTitle "IM"]
[WhiteElo "2513"]
[BlackElo "2350"]
[WhiteFideId "13300865"]
[BlackFideId "201324"]
[EventDate "2014.07.19"]

1. c4 c6 2. e4 d5 3. exd5 cxd5 4. d4 Nf6 5. Nc3 e6 6. c5 b6 7. b4 Be7 8. Nf3 O-O
9. Bd3 a5 10. Na4 Nbd7 11. c6 Bxb4+ 12. Bd2 Nb8 13. Rc1 Na6 14. O-O Bxd2 15.
Qxd2 Nb4 16. Bb5 Ne4 17. Qe2 Na6 18. Rb1 Nc7 19. Rfc1 Ba6 20. Bxa6 Rxa6 21. Nxb6
Qd6 22. Ne5 Rd8 23. f3 Nf6 24. Na4 Ra7 25. Nc5 Rda8 26. Rb6 Nfe8 27. g3 f6 28.
Ned7 a4 29. a3 Ra5 30. Rc3 Qe7 31. Rb7 R5a7 32. Nb6 Rxb7 33. cxb7 Rb8 34. Nc8
Qf7 35. Kg2 h6 36. Na7 Nd6 37. Nc6 Rxb7 38. Nd8 Ndb5 39. Rd3 1-0

[Event "37th Taminco Open 2014"]
[Site "Ghent BEL"]
[Date "2014.07.21"]
[Round "6.3"]
[White "Marholev, Dimitar"]
[Black "Bokros, Albert"]
[Result "0-1"]
[WhiteTitle "IM"]
[BlackTitle "IM"]
[WhiteElo "2349"]
[BlackElo "2485"]
[WhiteFideId "2901340"]
[BlackFideId "710458"]
[EventDate "2014.07.19"]

1. Nf3 c5 2. c4 b6 3. g3 Bb7 4. Bg2 Nf6 5. O-O e6 6. Re1 Be7 7. Nc3 d6 8. e4 a6
9. d4 cxd4 10. Nxd4 Qc7 11. Be3 Nbd7 12. Rc1 Rc8 13. f4 Qb8 14. Qe2 O-O 15. g4
Nc5 16. Bf2 g6 17. b4 Ncd7 18. a3 e5 19. g5 exd4 20. gxf6 Bxf6 21. Nd5 Bxd5 22.
cxd5 Rc3 23. Rxc3 dxc3 24. Bh3 Qc7 25. Rc1 b5 26. a4 bxa4 27. Qxa6 Nb8 28. Qxa4
Qc4 29. Bg2 Bd4 30. Bxd4 Qxd4+ 31. Kh1 Rc8 32. Qc2 Na6 33. b5 Nb4 34. Qe2 c2 35.
Qg4 Rc3 0-1

[Event "37th Taminco Open 2014"]
[Site "Ghent BEL"]
[Date "2014.07.21"]
[Round "6.4"]
[White "Lamorelle, Julien"]
[Black "Czebe, Attila"]
[Result "0-1"]
[WhiteTitle "FM"]
[BlackTitle "GM"]
[WhiteElo "2340"]
[BlackElo "2439"]
[WhiteFideId "616010"]
[BlackFideId "705268"]
[EventDate "2014.07.19"]

1. e4 d6 2. d4 Nf6 3. Nc3 e5 4. Nf3 Nbd7 5. Bc4 Be7 6. O-O exd4 7. Nxd4 Nb6 8.
Bd3 O-O 9. f4 c5 10. Nf3 d5 11. e5 Ne8 12. b3 f5 13. a4 a5 14. h3 Nc7 15. Kh1
Be6 16. Rg1 Kh8 17. Nb5 d4 18. Nxc7 Qxc7 19. Nd2 Nd5 20. Nc4 Nc3 21. Qe1 b6 22.
Bd2 Ne4 23. Bxe4 fxe4 24. Qxe4 Bf5 25. Qf3 Bxc2 26. Rac1 Bf5 27. Kh2 Rae8 28. g4
Bc8 29. f5 Bb7 30. Qg3 Qd8 31. Rcf1 Bh4 32. Qf4 g5 0-1

[Event "37th Taminco Open 2014"]
[Site "Ghent BEL"]
[Date "2014.07.21"]
[Round "6.5"]
[White "Decoster, Frederic"]
[Black "Sadikhov, Ulvi"]
[Result "0-1"]
[WhiteTitle "FM"]
[WhiteElo "2298"]
[BlackElo "2335"]
[WhiteFideId "204269"]
[BlackFideId "13401416"]
[EventDate "2014.07.19"]

1. e4 d6 2. d4 Nf6 3. Nc3 e5 4. Nf3 Nbd7 5. Bc4 Be7 6. O-O O-O 7. Re1 c6 8. a4
a5 9. b3 Qc7 10. Bb2 Nb6 11. Bf1 Bg4 12. Nb1 Nfd7 13. h3 Bh5 14. g4 Bg6 15. Nbd2
Rfe8 16. Bg2 Bf6 17. dxe5 dxe5 18. Bc3 Be7 19. Qc1 f6 20. Nf1 Nc5 21. Ng3 Ne6
22. Bf1 Nf4 23. Bd2 Bf7 24. Qb2 Nd7 25. Rad1 Nc5 26. Nf5 Nce6 27. Nxe7+ Qxe7 28.
Qc3 g5 29. Be3 h5 30. Nh2 Kg7 31. Rd2 c5 32. Bxf4 Nxf4 33. Red1 Red8 34. Rxd8
Rxd8 35. Rxd8 Qxd8 36. Qe1 b6 37. Nf3 hxg4 38. hxg4 Be6 39. Qd2 Qa8 40. Qd6 Qxe4
41. Nh2 Bf7 42. Qd7 Qe1 43. Qc6 Nh3+ 44. Kg2 Bd5+ 0-1

[Event "37th Taminco Open 2014"]
[Site "Ghent BEL"]
[Date "2014.07.21"]
[Round "6.6"]
[White "Meijers, Viesturs"]
[Black "Barendse, Ted"]
[Result "1-0"]
[WhiteTitle "GM"]
[WhiteElo "2475"]
[BlackElo "2137"]
[WhiteFideId "11600314"]
[BlackFideId "1006150"]
[EventDate "2014.07.19"]

1. c4 e5 2. b3 Nc6 3. Bb2 f5 4. g3 Nf6 5. Bg2 d6 6. a3 a5 7. e3 g6 8. Ne2 Bg7 9.
d4 O-O 10. dxe5 Ng4 11. Nbc3 Ngxe5 12. h4 Ng4 13. Nf4 Nce5 14. Qd2 c6 15. Rd1 a4
16. Nxa4 Nxc4 17. Bd5+ cxd5 18. Qxd5+ Rf7 19. Qxc4 b5 20. Qxb5 Ba6 21. Qb4 Bxb2
22. Nxb2 Rb7 23. Qd2 Ne5 24. Qd5+ Kh8 25. Nbd3 Rb5 26. Nxe5 Qa5+ 27. b4 Rxd5 28.
Nexg6+ hxg6 29. bxa5 Rxa5 30. Nxg6+ Kg7 31. Nf4 Rxa3 32. h5 Bb7 33. h6+ Kh7 34.
Rh4 Bf3 35. Rc1 Ra1 36. Rxa1 Rxa1+ 37. Kd2 Ra2+ 38. Kc3 Rxf2 39. Ne6 Bd5 40.
Ng5+ Kh8 41. Rb4 1-0

[Event "37th Taminco Open 2014"]
[Site "Ghent BEL"]
[Date "2014.07.21"]
[Round "6.7"]
[White "Sriram, Jha"]
[Black "Ghyselen, Wouter"]
[Result "1-0"]
[WhiteTitle "GM"]
[WhiteElo "2375"]
[BlackElo "2096"]
[WhiteFideId "5001668"]
[BlackFideId "210250"]
[EventDate "2014.07.19"]

1. d4 f5 2. g3 Nf6 3. Bg2 g6 4. b3 Bg7 5. Bb2 O-O 6. Nf3 Ne4 7. O-O c6 8. Nbd2
d5 9. Ne1 Qb6 10. Ndf3 a5 11. a4 Be6 12. Nd3 Nd7 13. e3 Kh8 14. Nfe5 Nxe5 15.
Nxe5 Qc7 16. f3 Nd6 17. Qd2 Nf7 18. Nd3 Rad8 19. Rfc1 Nd6 20. Rab1 Bg8 21. Qe2
Qb6 22. Ba1 Qa7 23. Bf1 Rfe8 24. Kh1 Nf7 25. f4 Nd6 26. Ne5 Ne4 27. c4 Qb6 28.
Bg2 Qa6 29. Rc2 Be6 30. Bf1 Kg8 31. Kg2 Bf6 32. Kg1 Kg7 33. Qe1 Qa7 34. Kg2 Rh8
35. Bd3 h5 36. h4 Rhe8 37. Nf3 Bg8 38. c5 Ra8 39. Nd2 Be6 40. Nxe4 fxe4 41. Be2
Qb8 42. Bc3 Qc7 43. Qd1 Qd7 44. Qd2 Qc7 45. Rh1 Rh8 46. Kf2 Kf7 47. Rb2 Ra7 48.
Qd1 Qd7 49. Ke1 Bf5 50. Qd2 Rha8 51. Kf2 Kg7 52. Rhb1 Qc7 53. Bd1 Bc8 54. Kg1
Qd7 55. Qe1 Qc7 56. Rg2 Bh3 57. Rh2 Qd7 58. Be2 Bf5 59. Rb2 Kf7 60. Qd2 Kg7 61.
Kf2 Kf7 62. Ke1 Kg7 63. Kd1 Kf7 64. Kc2 Kg7 65. Rb1 Kf7 66. Rg1 Qc7 67. g4 hxg4
68. h5 gxh5 69. Rxh5 Qd7 70. Rh2 Rg8 71. Qe1 Raa8 72. Bxa5 g3 73. Rhh1 Rg7 74.
Bh5+ Ke6 75. Rxg3 Rh7 76. Bg4 Rah8 77. Rxh7 Rxh7 78. Bxf5+ Kxf5 79. Qe2 Rh4 80.
Be1 Qe8 81. Rg2 Qh5 82. Bxh4 1-0

[Event "37th Taminco Open 2014"]
[Site "Ghent BEL"]
[Date "2014.07.21"]
[Round "6.8"]
[White "Froeyman, Helmut"]
[Black "Stuer, Marc"]
[Result "1-0"]
[WhiteTitle "FM"]
[WhiteElo "2304"]
[BlackElo "2100"]
[WhiteFideId "203602"]
[BlackFideId "203700"]
[EventDate "2014.07.19"]

1. e4 c5 2. Nf3 d6 3. d4 cxd4 4. Nxd4 Nf6 5. Nc3 a6 6. Be2 e5 7. Nb3 Be7 8. O-O
O-O 9. Be3 Qc7 10. a4 Be6 11. a5 Nbd7 12. Nd5 Bxd5 13. exd5 Rac8 14. c4 Ne4 15.
f3 Nec5 16. Nd2 b5 17. b4 Na4 18. Qb3 Qb7 19. Rac1 Nf6 20. Ne4 Rfd8 21. Rfd1 h6
22. Rc2 Ne8 23. Rdc1 f5 24. Nd2 Bg5 25. cxb5 Rxc2 26. Rxc2 axb5 27. Rc6 Bxe3+
28. Qxe3 Kf8 29. a6 Qf7 30. Bxb5 Nb2 31. Rc2 Nd1 32. Qb6 Qxd5 33. Bc4 Qd4+ 34.
Qxd4 exd4 35. Bd3 Nf6 36. Rc7 Nd5 37. Rb7 N1c3 38. a7 Ke8 39. Bxf5 Ne7 40. Rb8
Nc6 41. Rxd8+ 1-0

[Event "37th Taminco Open 2014"]
[Site "Ghent BEL"]
[Date "2014.07.21"]
[Round "6.9"]
[White "Verbaken, Onno"]
[Black "Sarrau, Jelle"]
[Result "1/2-1/2"]
[BlackTitle "FM"]
[WhiteElo "2068"]
[BlackElo "2325"]
[WhiteFideId "1026925"]
[BlackFideId "207608"]
[EventDate "2014.07.19"]

1. e4 c5 2. Nf3 d6 3. Bb5+ Bd7 4. a4 Nf6 5. Nc3 e6 6. O-O Be7 7. d3 O-O 8. Be3
Nc6 9. Nd2 d5 10. exd5 exd5 11. Bxc6 Bxc6 12. d4 c4 13. Re1 Re8 14. Ne2 Ne4 15.
Nxe4 dxe4 16. Ng3 Qd5 17. Bf4 Rad8 18. c3 g6 19. Nf1 f5 20. Ne3 Qf7 21. g4 Bd6
22. Bxd6 Rxd6 23. Qe2 Bd5 24. Nxd5 Qxd5 25. f4 fxg4 26. Qxg4 Rf8 27. Re2 Rdf6
28. Rf1 Kh8 29. h4 Rf5 30. Rff2 R8f6 31. Kh2 Kg7 32. Kg3 h6 33. Re3 Rf7 34. Qe2
Re7 35. Rf1 h5 36. Kh2 Qc6 37. Qg2 Re6 38. Rf2 Kf7 39. Rf1 Qd5 40. Qg3 Ref6 41.
Rf2 Ke7 42. Re1 Kd7 43. Qe3 Re6 44. Rfe2 Qd6 45. Rf1 b6 46. Rg2 Kc6 47. Kh3 Kd5
48. Rg5 Rf6 49. Re1 Qe6 50. Kh2 Rxg5 51. hxg5 Rf7 52. Qg3 Qf5 53. Rf1 Re7 54.
Re1 1/2-1/2

[Event "37th Taminco Open 2014"]
[Site "Ghent BEL"]
[Date "2014.07.21"]
[Round "6.10"]
[White "Van Der Leij, Arjan"]
[Black "Klundt, Klaus"]
[Result "0-1"]
[BlackTitle "IM"]
[WhiteElo "2080"]
[BlackElo "2314"]
[WhiteFideId "1018850"]
[BlackFideId "4600436"]
[EventDate "2014.07.19"]

1. e4 Nf6 2. e5 Nd5 3. c4 Nb6 4. d4 d6 5. f4 dxe5 6. fxe5 Nc6 7. Be3 Bf5 8. Nc3
e6 9. Nf3 Be7 10. d5 exd5 11. Bxb6 axb6 12. cxd5 Nb4 13. Nd4 Bd7 14. Bc4 Bc5 15.
Nf3 Bg4 16. Ne4 Bxf3 17. gxf3 Qh4+ 18. Ke2 Qh3 19. Nxc5 bxc5 20. Qg1 Qf5 21.
Qxc5 Qxe5+ 22. Kf1 Qd6 23. Qxd6 cxd6 24. a3 Kd8 25. Kf2 Na6 26. Rhe1 Nc5 27. b4
Nd7 28. a4 Rc8 29. Bb3 Ne5 30. Re3 Re8 31. h3 g5 32. a5 Re7 33. b5 Rec7 34. a6
bxa6 35. Rxa6 Ke7 36. Rc6 Kd7 37. b6 Rxc6 38. dxc6+ Kxc6 39. Rc3+ Kb7 40. Bd5+
Kb8 41. Ra3 Rc2+ 42. Kg3 Nc6 43. Bxc6 Rxc6 44. Ra7 f6 45. Rxh7 Rxb6 46. Kf2 Kc8
47. Ke3 Kd8 48. h4 gxh4 49. Rxh4 Rb3+ 50. Ke2 Ke7 51. Re4+ Kf7 52. Ra4 f5 53.
Ra5 Ke6 54. Kf2 d5 55. Ra8 Ke5 56. Ra4 d4 57. Rc4 Rb2+ 58. Ke1 Kf4 59. Rxd4+ Ke3
60. Rd1 Rh2 0-1

[Event "37th Taminco Open 2014"]
[Site "Ghent BEL"]
[Date "2014.07.21"]
[Round "6.11"]
[White "Boons, Patrick"]
[Black "Montes Gutierrez, Ignacio"]
[Result "0-1"]
[WhiteElo "2029"]
[BlackElo "2288"]
[WhiteFideId "205249"]
[BlackFideId "2257513"]
[EventDate "2014.07.19"]

1. e4 c5 2. Nc3 Nc6 3. g3 g6 4. Bg2 Bg7 5. d3 d6 6. f4 e6 7. Nf3 Nge7 8. O-O O-O
9. g4 f5 10. gxf5 exf5 11. Ne2 Rb8 12. Ng3 b5 13. c3 Kh8 14. Re1 fxe4 15. dxe4
Bh6 16. Ng5 Bxg5 17. fxg5 Ne5 18. Rf1 N7c6 19. b3 Bg4 20. Rxf8+ Qxf8 21. Qf1 Qe7
22. h3 Rf8 23. Bf4 Bf3 24. Ne2 Bxe2 25. Bxe5+ Nxe5 26. Qxe2 Qxg5 27. Rf1 Rxf1+
28. Qxf1 Kg7 29. Kh2 c4 30. bxc4 bxc4 31. Qf2 Nc6 32. Qb2 Qe7 33. Kh1 h5 34. Qb5
Ne5 35. Qd5 Kh6 36. a4 Qh4 37. Qd2+ Qg5 38. Qxd6 Qc1+ 39. Kh2 Qxc3 40. Qf8+ Kg5
41. Qf2 h4 42. Qxa7 Qg3+ 43. Kh1 Qe1+ 44. Kh2 Nf3+ 45. Bxf3 Qg3+ 46. Kh1 Qxf3+
47. Kh2 Qg3+ 48. Kh1 Qf3+ 49. Kh2 Qg3+ 0-1

[Event "37th Taminco Open 2014"]
[Site "Ghent BEL"]
[Date "2014.07.21"]
[Round "6.12"]
[White "Hamblok, Roel"]
[Black "Schoffelmeer, Frans"]
[Result "1/2-1/2"]
[WhiteTitle "FM"]
[WhiteElo "2271"]
[BlackElo "2088"]
[WhiteFideId "209317"]
[BlackFideId "1007653"]
[EventDate "2014.07.19"]

1. e4 c5 2. Nc3 Nc6 3. Bb5 Nd4 4. Bc4 d6 5. Nge2 Nxe2 6. Qxe2 e6 7. O-O Nf6 8.
f4 Be7 9. d3 O-O 10. Qf3 a6 11. a4 Rb8 12. a5 Ne8 13. f5 Nc7 14. Qg3 Kh8 15. Bd2
b5 16. axb6 Rxb6 17. Bb3 exf5 18. exf5 d5 19. Bf4 Bd6 20. Be5 Bxe5 21. Qxe5 Re8
22. Qf4 Rf6 23. Rae1 Rxf5 24. Rxe8+ Nxe8 25. Qb8 1/2-1/2

[Event "37th Taminco Open 2014"]
[Site "Ghent BEL"]
[Date "2014.07.21"]
[Round "6.13"]
[White "Maddens, Martijn"]
[Black "Huhndorf, Arnold"]
[Result "1/2-1/2"]
[BlackTitle "FM"]
[WhiteElo "2015"]
[BlackElo "2273"]
[WhiteFideId "206962"]
[BlackFideId "4665031"]
[EventDate "2014.07.19"]

1. e4 c5 2. c3 d5 3. exd5 Qxd5 4. d4 Nf6 5. Nf3 Bg4 6. dxc5 Qxc5 7. Na3 a6 8.
Be3 Qc7 9. Be2 Nbd7 10. O-O e6 11. Nc2 Bc5 12. Bxc5 Nxc5 13. Nfd4 Bxe2 14. Qxe2
O-O 15. Ne3 Rad8 16. Rfd1 Nd5 17. Nf3 Nf4 18. Qc2 g6 19. Ng4 Rxd1+ 20. Rxd1 Rd8
21. g3 Nh5 1/2-1/2

[Event "37th Taminco Open 2014"]
[Site "Ghent BEL"]
[Date "2014.07.21"]
[Round "6.15"]
[White "Szeberenyi, Adam"]
[Black "Du Pont, David"]
[Result "1-0"]
[WhiteTitle "IM"]
[WhiteElo "2316"]
[BlackElo "2073"]
[WhiteFideId "710466"]
[BlackFideId "206555"]
[EventDate "2014.07.19"]

1. d4 d5 2. c4 e6 3. Nc3 c5 4. cxd5 exd5 5. Nf3 Nc6 6. Bg5 f6 7. Bf4 g5 8. Be3
c4 9. g3 Bb4 10. Bg2 Nge7 11. O-O Be6 12. Bd2 Qd7 13. e4 Bxc3 14. Bxc3 O-O-O 15.
e5 fxe5 16. Nxg5 Bg4 17. f3 Qf5 18. h4 exd4 19. Bxd4 1-0

[Event "37th Taminco Open 2014"]
[Site "Ghent BEL"]
[Date "2014.07.21"]
[Round "6.16"]
[White "Wubben, Marcel"]
[Black "Verstraeten, Rein"]
[Result "1/2-1/2"]
[BlackTitle "FM"]
[WhiteElo "2082"]
[BlackElo "2298"]
[WhiteFideId "1008480"]
[BlackFideId "223654"]
[EventDate "2014.07.19"]

1. d4 Nf6 2. c4 g6 3. Nc3 Bg7 4. e4 O-O 5. Nf3 d6 6. Be2 e5 7. O-O Na6 8. Be3
Ng4 9. Bg5 f6 10. Bd2 f5 11. dxe5 Nxe5 12. Nd4 fxe4 13. Nxe4 Qh4 14. f4 Ng4 15.
Nf3 Qe7 16. Qc2 Nc5 17. Nxc5 Ne3 18. Qe4 Qxe4 19. Nxe4 Nxf1 20. Rxf1 Bxb2 21. g3
b6 22. Bc3 1/2-1/2

[Event "37th Taminco Open 2014"]
[Site "Ghent BEL"]
[Date "2014.07.22"]
[Round "7.1"]
[White "Ernst, Thomas"]
[Black "Hovhannisyan, Mher"]
[Result "1/2-1/2"]
[WhiteTitle "GM"]
[BlackTitle "IM"]
[WhiteElo "2364"]
[BlackElo "2513"]
[WhiteFideId "1700065"]
[BlackFideId "13300865"]
[EventDate "2014.07.19"]

1. e4 e6 2. d4 d5 3. Nc3 Bb4 4. e5 c5 5. a3 Bxc3+ 6. bxc3 Qc7 7. Qg4 Ne7 8. Qxg7
Rg8 9. Qxh7 cxd4 10. Ne2 dxc3 11. Qd3 Nbc6 12. f4 d4 13. Nxd4 Nxd4 14. Qxd4 Bd7
15. Rg1 Nf5 16. Qf2 Qc6 17. Bd3 Qd5 18. Rb1 Bc6 19. Rb3 O-O-O 20. Rxc3 Kb8 21.
Be3 Nxe3 22. Qxe3 Rxg2 23. Rxg2 Qxg2 24. Qg3 Qh1+ 25. Bf1 Qd5 26. Rd3 Qa5+ 27.
Kd1 Rc8 28. Qe1 Qb6 29. Qe3 Qb1+ 30. Qc1 Qa2 31. Rc3 Rd8+ 32. Rd3 Rh8 33. Qd2
Bd5 34. h3 Rc8 35. Qc1 Bc4 36. Rf3 Bxf1 37. Rxf1 Qc4 38. Rf3 Qe4 39. Rd3 Qh1+
40. Kd2 Qg2+ 41. Ke3 Rc4 42. Rd4 Qxh3+ 43. Ke4 Qh7+ 44. Ke3 Qh3+ 45. Ke4 Rc3 46.
Rd8+ Kc7 47. Rd3 Qg2+ 48. Kd4 Rc6 49. Qd2 Qg1+ 50. Ke4 Rc4+ 51. Rd4 Qh1+ 52. Ke3
Qh3+ 53. Ke4 Rxd4+ 54. Qxd4 Qxa3 55. Qc4+ Kb6 56. Qd4+ Qc5 57. Qd8+ Ka6 58. Qd3+
Kb6 59. Qd8+ Kb5 60. Qa8 Qxc2+ 61. Kf3 Qc6+ 62. Kg3 a5 63. Qf8 Qd7 64. Qa3 a4
65. Qb2+ Ka6 66. Qb4 b5 67. Kh4 Kb6 68. Kg5 Qd8+ 69. Kh6 Qc7 70. Kg7 Qc5 71. Qd2
b4 72. Qd8+ Qc7 73. Qd4+ Ka5 74. f5 exf5 75. Qd5+ Kb6 76. Qxf7 Qxf7+ 77. Kxf7 a3
78. e6 a2 79. e7 a1=Q 80. e8=Q Qd4 81. Qe6+ Kc5 82. Qc8+ Kb5 83. Qxf5+ Qc5 84.
Qd7+ Kc4 85. Qg4+ Kb3 86. Qd1+ Qc2 87. Qf3+ Qc3 88. Qd1+ Ka3 89. Qd6 Kb2 90. Kg8
b3 91. Qd5 Ka2 92. Kh7 Kb1 93. Qd1+ Kb2 94. Qd5 Kb1 95. Qd1+ Ka2 96. Qd5 Qc2+
97. Kg8 Kb1 98. Qh1+ Kb2 99. Qd5 Qc8+ 100. Kh7 Qc7+ 101. Kg6 Ka3 102. Qa8+ Kb2
103. Qd5 Qc3 104. Kh7 Kb1 105. Qd1+ Kb2 106. Qd5 Qc2+ 107. Kg8 Ka1 108. Qa5+ Kb1 1/2-1/2

[Event "37th Taminco Open 2014"]
[Site "Ghent BEL"]
[Date "2014.07.22"]
[Round "7.2"]
[White "Bokros, Albert"]
[Black "Czebe, Attila"]
[Result "0-1"]
[WhiteTitle "IM"]
[BlackTitle "GM"]
[WhiteElo "2485"]
[BlackElo "2439"]
[WhiteFideId "710458"]
[BlackFideId "705268"]
[EventDate "2014.07.19"]

1. e4 e5 2. Nf3 Nc6 3. Bb5 a6 4. Ba4 Nge7 5. c3 g6 6. d4 exd4 7. cxd4 b5 8. Bb3
Bg7 9. d5 Na5 10. Bd2 c5 11. d6 Nec6 12. Bg5 f6 13. Be3 c4 14. Bc2 Bb7 15. Nc3
Ne5 16. Nxe5 fxe5 17. Nd5 Bxd5 18. Qxd5 Qc8 19. O-O Qc6 20. Qd2 Nb7 21. Rad1 Nd8
22. f4 exf4 23. Rxf4 Ne6 24. Rf2 Bxb2 25. Qb4 Be5 26. g3 a5 27. Qd2 Rf8 28. Rdf1
O-O-O 29. Rxf8 Rxf8 30. Rxf8+ Nxf8 31. Qxa5 Bxd6 32. a4 b4 33. Bb6 Qb7 34. Qb5
Bc7 35. a5 b3 36. Bd1 Qc6 37. Qa6+ Kd8 38. Qa7 Ne6 39. Qb8+ Ke7 40. Bxc7 Qxc7 0-1

[Event "37th Taminco Open 2014"]
[Site "Ghent BEL"]
[Date "2014.07.22"]
[Round "7.3"]
[White "Sadikhov, Ulvi"]
[Black "Meijers, Viesturs"]
[Result "1/2-1/2"]
[BlackTitle "GM"]
[WhiteElo "2335"]
[BlackElo "2475"]
[WhiteFideId "13401416"]
[BlackFideId "11600314"]
[EventDate "2014.07.19"]

1. e4 c5 2. Nf3 a6 3. c3 d5 4. d3 dxe4 5. dxe4 Qxd1+ 6. Kxd1 Nf6 7. Nbd2 Bg4 8.
Bd3 Nc6 9. a4 Ne5 10. Be2 Nxf3 11. gxf3 Bh5 12. Nc4 O-O-O+ 13. Ke1 Nd7 14. Be3
e6 15. Rd1 f6 16. Bf4 g5 17. Be3 Be7 18. f4 Bxe2 19. Kxe2 Kc7 20. fxg5 fxg5 21.
a5 h6 22. f3 Nf6 23. Ne5 Rxd1 24. Rxd1 Rh7 25. Ng6 Nd7 26. Nxe7 Rxe7 27. Rh1 Rh7
28. h4 gxh4 29. Rxh4 1/2-1/2

[Event "37th Taminco Open 2014"]
[Site "Ghent BEL"]
[Date "2014.07.22"]
[Round "7.4"]
[White "Klundt, Klaus"]
[Black "Van Den Doel, Erik"]
[Result "1/2-1/2"]
[WhiteTitle "IM"]
[BlackTitle "GM"]
[WhiteElo "2314"]
[BlackElo "2547"]
[WhiteFideId "4600436"]
[BlackFideId "1003720"]
[EventDate "2014.07.19"]

1. e4 e5 2. Nf3 Nc6 3. Bb5 a6 4. Ba4 Nf6 5. O-O Be7 6. Re1 b5 7. Bb3 d6 8. c3
O-O 9. h3 Na5 10. Bc2 c5 11. d4 Qc7 12. Nbd2 Rd8 13. Nf1 cxd4 14. cxd4 exd4 15.
Nxd4 d5 16. e5 Ne4 17. Ng3 Nxg3 18. fxg3 Bc5 19. Be3 Nc4 20. Bf2 Qb6 21. b3 Na3
22. Rc1 b4 23. Qd2 Bd7 24. Bf5 Bxf5 25. Nxf5 Bxf2+ 26. Qxf2 Qxf2+ 27. Kxf2 Kf8
28. Nd4 Rdc8 29. e6 Rxc1 30. Rxc1 Nb5 31. e7+ Ke8 32. Ke3 Nc3 33. a3 a5 34. Ra1
bxa3 35. Rxa3 Ne4 36. Nc6 Rc8 37. Nxa5 Kxe7 38. b4 Rc2 39. b5 Rxg2 40. Kd4 Rd2+
41. Ke3 f5 42. Nc6+ Kf6 43. Rb3 Rc2 44. b6 Rxc6 45. b7 d4+ 46. Kxd4 Rd6+ 47. Ke3
Rd8 48. b8=Q Rxb8 49. Rxb8 Nxg3 50. Kf3 Nh5 51. h4 Kg6 52. Rb6+ Kf7 53. Rb7+ Kg6
54. Rb6+ Nf6 55. Kf4 Kh5 56. Kxf5 1/2-1/2

[Event "37th Taminco Open 2014"]
[Site "Ghent BEL"]
[Date "2014.07.22"]
[Round "7.5"]
[White "Montes Gutierrez, Ignacio"]
[Black "Sriram, Jha"]
[Result "0-1"]
[BlackTitle "GM"]
[WhiteElo "2288"]
[BlackElo "2375"]
[WhiteFideId "2257513"]
[BlackFideId "5001668"]
[EventDate "2014.07.19"]

1. d4 Nf6 2. Nf3 c5 3. c4 cxd4 4. Nxd4 e5 5. Nc2 d5 6. cxd5 Qxd5 7. Qxd5 Nxd5 8.
e4 Nb4 9. Nxb4 Bxb4+ 10. Bd2 Nc6 11. Bb5 Bd7 12. Nc3 O-O-O 13. Rc1 Kb8 14. a3
Bc5 15. Nd5 Bd4 16. Bc3 Rhe8 17. O-O a6 18. Bd3 Be6 19. Bxd4 Nxd4 20. Nc7 Re7
21. Nxe6 Rxe6 22. f4 exf4 23. Rxf4 f6 24. Kf1 Nb3 25. Rc3 Nd2+ 26. Kg1 Rde8 27.
Rg4 g5 28. e5 Rxe5 29. Rd4 Ne4 30. Rcc4 f5 31. Bxe4 fxe4 32. Rd7 e3 33. Kf1 e2+
34. Ke1 Rf5 0-1

[Event "37th Taminco Open 2014"]
[Site "Ghent BEL"]
[Date "2014.07.22"]
[Round "7.6"]
[White "Froeyman, Helmut"]
[Black "Van Den Dikkenberg, Erik"]
[Result "1/2-1/2"]
[WhiteTitle "FM"]
[BlackTitle "FM"]
[WhiteElo "2304"]
[BlackElo "2179"]
[WhiteFideId "203602"]
[BlackFideId "1005880"]
[EventDate "2014.07.19"]

1. e4 c5 2. Nf3 Nc6 3. d4 cxd4 4. Nxd4 g6 5. Nc3 Bg7 6. Be3 Nf6 7. Bc4 d6 8. f3
O-O 9. Qd2 Bd7 10. O-O-O Qb8 11. g4 b5 12. Bb3 a5 13. Nd5 Nxd5 14. Bxd5 Ra6 1/2-1/2

[Event "37th Taminco Open 2014"]
[Site "Ghent BEL"]
[Date "2014.07.22"]
[Round "7.7"]
[White "Van der Stricht, Geert"]
[Black "McMichael, Richard J"]
[Result "1/2-1/2"]
[WhiteTitle "IM"]
[BlackTitle "CM"]
[WhiteElo "2350"]
[BlackElo "2206"]
[WhiteFideId "201324"]
[BlackFideId "400963"]
[EventDate "2014.07.19"]

1. d4 e6 2. c4 f5 3. g3 Nf6 4. Bg2 c6 5. Nf3 d5 6. O-O Bd6 7. b3 Qe7 8. Ne5 O-O
9. Bb2 Bd7 10. Nd2 Be8 11. Ndf3 Nbd7 12. Nxd7 Nxd7 13. e3 Bh5 14. Qc2 Bxf3 15.
Bxf3 Rf6 16. Bg2 Raf8 17. a4 g5 18. f4 Rg6 19. Qc1 gxf4 20. exf4 Nf6 21. Ba3 Ne4
22. Bxd6 Qxd6 1/2-1/2

[Event "37th Taminco Open 2014"]
[Site "Ghent BEL"]
[Date "2014.07.22"]
[Round "7.8"]
[White "Stone, Andrew M"]
[Black "Marholev, Dimitar"]
[Result "1-0"]
[BlackTitle "IM"]
[WhiteElo "2204"]
[BlackElo "2349"]
[WhiteFideId "404985"]
[BlackFideId "2901340"]
[EventDate "2014.07.19"]

1. c4 g6 2. g3 Bg7 3. Bg2 Nf6 4. Nc3 O-O 5. Nf3 d6 6. d4 Nbd7 7. O-O e5 8. e4
exd4 9. Nxd4 Re8 10. h3 Nc5 11. Re1 Bd7 12. Bf4 Qc8 13. Kh2 Ne6 14. Be3 h6 15.
f4 Nc5 16. Bf2 a5 17. Qd2 a4 18. Rad1 a3 19. b3 Ne6 20. Nc2 Rd8 21. Nd5 Nxd5 22.
cxd5 Nf8 23. Bd4 Bxd4 24. Nxd4 c5 25. Nf3 Nh7 26. e5 Re8 27. f5 Bxf5 28. g4 Bd7
29. e6 fxe6 30. Qxh6 Re7 31. dxe6 Be8 32. Nh4 d5 33. Bxd5 Qc7+ 34. Kg2 Rd8 35.
Nxg6 Rxd5 36. Nxe7+ Qxe7 37. Rxd5 Bc6 38. Re5 Qf6 39. Qxf6 Nxf6 40. e7 Kf7 41.
Kg3 Bxd5 42. e8=Q+ Nxe8 43. Rxd5 Nf6 44. Re5 b5 45. Kf4 Nd7 46. Rf5+ Ke6 47. g5
c4 48. Rxb5 c3 49. Ke3 Ne5 50. Rxe5+ 1-0

[Event "37th Taminco Open 2014"]
[Site "Ghent BEL"]
[Date "2014.07.22"]
[Round "7.9"]
[White "Goormachtigh, Johan"]
[Black "Lamorelle, Julien"]
[Result "1/2-1/2"]
[WhiteTitle "FM"]
[BlackTitle "FM"]
[WhiteElo "2176"]
[BlackElo "2340"]
[WhiteFideId "200280"]
[BlackFideId "616010"]
[EventDate "2014.07.19"]

1. d4 d5 2. c4 e6 3. Nc3 c5 4. cxd5 exd5 5. Nf3 Nc6 6. g3 Nf6 7. Bg2 Be7 8. O-O
O-O 9. Bg5 cxd4 10. Nxd4 h6 11. Be3 Re8 12. Rc1 Bf8 13. Nxc6 bxc6 14. Na4 Bd7
15. Bc5 Bxc5 16. Nxc5 Bg4 17. Re1 Qa5 18. a3 Rab8 19. Nd3 Qb6 20. b4 Qa6 21. Bf1
Qxa3 22. Rxc6 Bf5 23. Qa1 Qxa1 24. Rxa1 Bxd3 25. exd3 Rxb4 26. Rca6 Rb2 27. Rxa7
Ng4 28. R7a2 Reb8 29. Be2 Ne5 30. Kg2 d4 31. h3 g5 32. Bf1 g4 33. hxg4 Nxg4 34.
Be2 Ne5 35. Bf1 R2b4 36. Ra8 Rxa8 37. Rxa8+ Kg7 38. Rd8 Kg6 39. Rd6+ f6 40. Be2
Rb2 41. Bf3 Rb4 42. Be4+ Kf7 43. Bf5 1/2-1/2